000 00942nac a22002897a 4500
001 BR6001001
003 BR-BrBNA
005 20240105112957.0
008 230509b bl.|||m| |||| 00| 0 por d
040 _aBR-BrBNA
_bpor
_cBiblioteca Nacional de Agricultura
072 _aL10; L73; L30
090 _a5212 BR6001001
100 1 _aAthanassof, N.
245 1 _aManual do criador de bovinos. A fazenda de criar, racas e tipos, alimentacao, criacao, engorda, producao de leite, trabalho, higiene e molestias
250 1 _a3. ed.
260 3 _aSao Paulo, SP (Brasil):
_bed. melhoramentos,
_c1943.
300 _a792 p.
490 _aBiblioteca Agronomica melhoramentos (Brazil)
_vno. 1
_x
650 _aMelhoramento genetico animal
650 _aDoenca animal
650 _aNutricao animal
650 _aBovino
650 _aRaca
650 _aPastagem
909 _a202312
_bLúcia Elande
_c55
_dLúcia Elande
942 _2AGRIS
_n0
_cMS
999 _c261230
_d261230